Регионална библиотека "Любен Каравелов" - Русе

Икономика на ремонта на селскостопанската техника (Запис номер 59986)

MARC детайли
000 -Лидер
Контролно поле с фиксирана дължина 01136nam a2200277 c 4500
003 - Код на организацията, давaща контролен номер
Контролно поле BLK
005 - Дата и час на последна редакция
Контролно поле 20220421151706.0
008 - Елементи от данни с фиксирана дължина
fixed length control field 180408b bul|||||r ||||||| ||bul||
010 ## - Наследен системен номер
LC control number KNG00064114000
040 ## - Източник на каталожния запис
Идентификатор на билиотеката - собственик на записа BLK
041 ## - Код за език
Код за езика на текст/звукозапис или на отделно заглавие Български
Код за езика КДБФ Български
080 ## - УДК
Текстов определител УДК Селскостопански машини и инструменти. Селскостопанско машиностроене
УДК код - определител по УДК 631.3
УДК определител .004.67(075.8)
УДК - код + определител 631.3.004.67(075.8)
100 ## - Редна дума - Автор
Автор Конкин, Юри Александрович
Авторска отговорност първи автор
R(LIN) 473548
139 ## - Редно поле
Редна дума Конкин, Юри Александрович
245 10 - Сведения за заглавието
Заглавие Икономика на ремонта на селскостопанската техника
Подзаглавни данни Учебник за студентите от ВТУ А. Кънчев - Русе
Редно поле (дума) Юрий А. Конкин; прев. от рус. Емил Жанов.
257 ## - Страна на издаване
Страна на създаване/издаване България
260 ## - Област на издателските данни
Име на издателя, разпространителя и проч. Земиздат
Година на издаване 1982
Място на издаване, разпространение и проч. София
300 ## - Физическа характеристика
Страници 340 с.
Размери/Мащаб 21 см
380 ## - Жанр
Жанр Селско стопанство
500 ## - Общи забележки
Забележка Ориг. загл. Экономика ремонта сельскохозяйственной технике<br/>1 670 тир
650 #7 - Допълнително описание по предмет – тема
9 (RLIN) 170731
Основно описание – тема или топоним Селскостопански машини и оръдия - учебници за ВУЗ
700 1# - Други автори (авторска отговорност)
Лично име Жанов, Емил
Автороска отговорност (Описва отношението между автора и произведението) прев. от рус.
9 (RLIN) 289490
852 ## - Местоположение
Форматна сигнатура Цб 117064
Фондова буква Хранилище
856 4# - Електронен адрес и достъп
Електронен формат pdf - файл
856 4# - Електронен адрес и достъп
Електронен формат pdf - файл
999 ## - СИСТЕМНИ КОНТРОЛНИ НОМЕРА
Koha biblionumber 59986
Koha biblioitemnumber 59986
942 ## - АРТИКУЛИ
Вид на библиотечния материал Книги
Скрит в OPAC Не
Периодичен библиозапис Да
944 ## - СЪЗДАВАНЕ И РЕДАКЦИЯ на ЗАПИСА
Създаване/Редакция Създаване
Дата на регистрацията/редакция 13.06.2004
Служител, извършил регистрацията/редакцията Читалня
944 ## - СЪЗДАВАНЕ И РЕДАКЦИЯ на ЗАПИСА
Създаване/Редакция Редакция
Дата на регистрацията/редакция 13.06.2004
944 ## - СЪЗДАВАНЕ И РЕДАКЦИЯ на ЗАПИСА
Създаване/Редакция Редакция
Дата на регистрацията/редакция 2022-04-21
999 ## - СИСТЕМНИ КОНТРОЛНИ НОМЕРА
Koha biblioitemnumber 59986
Наличности
Код за отписване Код за изгубен артикул Източник на класификационната схема Код за повреда Коз за рестрикции Код за отдаване Артикулен № Име на библиотеката - собственик Име на библиотеката, в която се намира в момента Статус (Текущо местоположение) Дата на вписване в системата Местоположение - отдел Цена в лева Инвентарен номер Систематично азбучна сигнатура Баркод Номер на екземпляра Цена в евро Служебна бележка Служебен тип на артикула
Изтеглен Не е изгубен Universal Decimal Classification Не е повреден без рестрикции ползва се в читалня 98384 Регионална библиотека "Любен Каравелов" Русе Регионална библиотека "Любен Каравелов" Русе Читалня 1993-01-01 Читалня 1.54 362092 Ч 631.3/К81Ю 362092 1 0.79 Дата инв: 20.03.2017 Бележки инв: Ч2017 Книги
  Не е изгубен Universal Decimal Classification Не е повреден само за читалня ползва се в читалня 882845 Регионална библиотека "Любен Каравелов" Русе Регионална библиотека "Любен Каравелов" Русе Хранилище 2022-04-29 Хранилище 1.54 361320 Цб 117064 120000361320   0.79   Книги
Vip Innovations Ltd, Rousse, Bulgaria 2025